Best of Architects' working details / (Record no. 3218)
[ view plain ]
| 000 -LEADER | |
|---|---|
| fixed length control field | 00769nac a22002051u 4500 |
| 010 ## - LIBRARY OF CONGRESS CONTROL NUMBER | |
| LC control number | 82010606 |
| 020 ## - INTERNATIONAL STANDARD BOOK NUMBER | |
| International Standard Book Number | 0893971421 (Nichols : pbk. v. 1) : |
| 020 ## - INTERNATIONAL STANDARD BOOK NUMBER | |
| International Standard Book Number | 089397143X (Nichols : pbk. v. 2) : |
| 082 00 - DEWEY DECIMAL CLASSIFICATION NUMBER | |
| Classification number | 729 |
| Item number | B7928 |
| 090 ## - LOCALLY ASSIGNED LC-TYPE CALL NUMBER (OCLC); LOCAL CALL NUMBER (OCLC) | |
| -- | 3218 |
| -- | 3218 |
| 100 ## - MAIN ENTRY--PERSONAL NAME | |
| Personal name | Boyne, Colin. |
| 245 10 - TITLE STATEMENT | |
| Title | Best of Architects' working details / |
| Statement of responsibility, etc | Colin Boyne and Lance Wright. |
| Number of part/section of a work | v.2 |
| Name of part/section of a work | Internal |
| 260 ## - PUBLICATION, DISTRIBUTION, ETC. (IMPRINT) | |
| Place of publication, distribution, etc | London : |
| Name of publisher, distributor, etc | Architectural Press ; |
| Place of publication, distribution, etc | New York : |
| Name of publisher, distributor, etc | Nichols Pub. Co.,1982. |
| Date of publication, distribution, etc | 1982. |
| 300 ## - PHYSICAL DESCRIPTION | |
| Extent | 200 p. : |
| Other physical details | ill. ; |
| Dimensions | 30 cm. |
| 500 ## - GENERAL NOTE | |
| General note | Includes indexes. |
| 650 #0 - SUBJECT ADDED ENTRY--TOPICAL TERM | |
| Topical term or geographic name as entry element | Architecture |
| General subdivision | Details. |
| 700 1# - ADDED ENTRY--PERSONAL NAME | |
| Personal name | Wright, Lance. |
| 942 ## - ADDED ENTRY ELEMENTS (KOHA) | |
| Item type | Book - Borrowing |
| Call number prefix | 729 B7928 |
| Withdrawn status | Item status | Damaged status | Not for loan | Home library | Current library | Shelving location | Date acquired | Source of acquisition | Total Checkouts | Total Renewals | Full call number | Barcode | Checked out | Date last seen | Date last borrowed | Koha item type |
|---|---|---|---|---|---|---|---|---|---|---|---|---|---|---|---|---|
| Central Library | Central Library | Second Floor | 04/04/2007 | Purchase | 2 | 16 | 729 BOY | 000001017 | 03/10/2022 | 26/09/2022 | 26/09/2022 | Book - Borrowing |